Szczegóły MARC21

Kompass DaF B2 : Deutsch für Studium und Beruf : Kurs- und Übungsbuch /

003 -Nazwa inst., której nr kontr. jest w polu 001 [,]
    • @
    • Nazwa instytucji, której n kontrolny jest w polu 001
    • NUKAT
005 -DATA I CZAS OSTATNIEJ MODYFIKACJI [,]
    • @
    • pole kontrolne
    • 20241231114320.0
020 -Międzynarod. znormalizowany nr książki - ISBN [ , ]
    • a
    • Numer ISBN
    • 9783126700115 Find
    • q
    • Dopowiedzenie
    • Medienpaket B2
020 -Międzynarod. znormalizowany nr książki - ISBN [ , ]
    • a
    • Numer ISBN
    • 9783126700009 Find
    • q
    • Dopowiedzenie
    • Kurs- und Übungsbuch B2
020 -Międzynarod. znormalizowany nr książki - ISBN [ , ]
    • a
    • Numer ISBN
    • 9783126700030 Find
    • q
    • Dopowiedzenie
    • Unterrichtshandreichung B2
020 -Międzynarod. znormalizowany nr książki - ISBN [ , ]
    • a
    • Numer ISBN
    • 9783126700016 Find
    • q
    • Dopowiedzenie
    • Kurs- und Übungsbuch B2.1
020 -Międzynarod. znormalizowany nr książki - ISBN [ , ]
    • a
    • Numer ISBN
    • 9783126700023 Find
    • q
    • Dopowiedzenie
    • Kurs- und Übungsbuch B2.2
040 -Instytucja sporządzająca opis [ , ]
    • a
    • Instytucja, która sporządziła opis (NP)
    • SZCZ U/MC
    • b
    • Język katalogowania
    • pol
    • e
    • Zasady katalogowania
    • rda
    • c
    • Instytucja, która sporządziła rekord (NP)
    • SZCZ U/MCs
942 -Rodzaj dokumentu [ , ]
    • c
    • Rodzaj dokumentu
    • Książka
100 -Hasło główne - nazwa osobowa [1, ]
    • a
    • Nazwa osobowa (NP)
    • Braun, Birgit.
    • e
    • Rodzaj współpracy
    • Autor
    • 9
    • KHW
    • 614607
245 -Strefa tytułu i oznaczenia odpowiedzialności [1,0]
    • a
    • Tytuł
    • Kompass DaF B2 : Find
    • b
    • Ciąg dalszy tytułu (NP)
    • Deutsch für Studium und Beruf : Kurs- und Übungsbuch / Find
    • c
    • Pozostałe elementy strefy tytułu i oznaczenia odpowiedzialności (NP)
    • Birgit Braun, Nadja Fügert, Friederike Jin, Klaus F. Mautsch, Ilse Sander, Nicole Schäfer, Daniela Schmeiser.
250 -Strefa wydania [ , ]
    • a
    • Oznaczenie wydania (NP)
    • 1. Auflage, 1. Druck.
260 -Strefa adresu wydawniczego [ , ]
    • a
    • Miejsce wydania (P)
    • Stuttgart :
    • b
    • Nazwa wydawcy (P)
    • Ernst Klett Sprachen,
    • c
    • Data wydania (P)
    • 2020.
300 -Strefa opisu fizycznego [ , ]
    • a
    • Określenie formy książki i/lub objętość (NP)
    • 295 stron :
    • b
    • Oznaczenie ilustracji (NP)
    • ilustracje ;
    • c
    • Format (NP)
    • 28 cm.
336 -Typ zawartości [ , ]
    • a
    • Termin opisujący typ zawartości
    • Tekst
    • b
    • Kod określający zawartość
    • txt
    • 2
    • Źródło (terminu i kodu)
    • rdacontent
337 -Typ mediów [ , ]
    • a
    • Tryb odtwarzania
    • Bez urządzenia pośredniczącego
    • b
    • Kod typu mediów
    • n
    • 2
    • Źródło (terminu i kodu)
    • rdamedia
338 -Typ/rodzaj nośnika [ , ]
    • a
    • Hasło opisujące typ nośnika
    • Wolumin
    • b
    • Kod typu nośnika
    • nc
    • 2
    • Źródło (terminu i kodu)
    • rdacarrier
490 -Strefa serii i książki wielotomowej - forma nie do wyszukiwania [1, ]
    • a
    • Tytuł (P)
    • Deutsch als Fremdsprache Find
830 -Hasło dodatkowe serii i opisu książki wielotomowej - tytuł ujednolicony/tytuł [ ,0]
    • a
    • Tytuł ujednolicony/tytuł (NP)
    • Deutsch als Fremdsprache
    • 9
    • KHW
    • 415474
500 -Uwaga ogólna [ , ]
    • a
    • Uwaga ogólna (NP)
    • Na okładce: Kurs- und Übungsbuch mit Audios und Videos.
650 -Hasło przedmiotowe [ ,7]
    • a
    • Hasło przedmiotowe
    • Język niemiecki
    • v
    • Określnik formalny
    • podręczniki dla obcojęzycznych.
    • 2
    • Źródło terminu
    • kaba
    • 9
    • KHW
    • 360973
650 -Hasło przedmiotowe [ ,7]
    • a
    • Hasło przedmiotowe
    • Język niemiecki
    • v
    • Określnik formalny
    • zadania i ćwiczenia
    • v
    • Określnik formalny
    • podręczniki dla obcojęzycznych.
    • 2
    • Źródło terminu
    • kaba
    • 9
    • KHW
    • 356858
700 -Hasło dodatkowe - nazwa osobowa [1, ]
    • a
    • Nazwa osobowa (NP)
    • Fügert, Nadja. Find
    • e
    • Określenie rodzaju współpracy
    • Autor
    • 9
    • KHW
    • 614606
700 -Hasło dodatkowe - nazwa osobowa [1, ]
    • a
    • Nazwa osobowa (NP)
    • Jin, Friederike. Find
    • e
    • Określenie rodzaju współpracy
    • Autor
    • 9
    • KHW
    • 614604
700 -Hasło dodatkowe - nazwa osobowa [1, ]
    • a
    • Nazwa osobowa (NP)
    • Mautsch, Klaus F. Find
    • e
    • Określenie rodzaju współpracy
    • Autor
    • 9
    • KHW
    • 614608
700 -Hasło dodatkowe - nazwa osobowa [1, ]
    • a
    • Nazwa osobowa (NP)
    • Sander, Ilse. Find
    • e
    • Określenie rodzaju współpracy
    • Autor
    • 9
    • KHW
    • 614605
700 -Hasło dodatkowe - nazwa osobowa [1, ]
    • a
    • Nazwa osobowa (NP)
    • Schäfer, Nicole. Find
    • e
    • Określenie rodzaju współpracy
    • Autor
    • 9
    • KHW
    • 614610
700 -Hasło dodatkowe - nazwa osobowa [1, ]
    • a
    • Nazwa osobowa (NP)
    • Schmeiser, Daniela. Find
    • e
    • Określenie rodzaju współpracy
    • Autor
    • 9
    • KHW
    • 614609
710 -Hasło dodatkowe - nazwa ciała zbiorowego [2, ]
    • a
    • Nazwa ciała zbiorowego lub nazwa geograficzna jako pierwszy element (NP)
    • Ernst Klett Verlag (Stuttgart).
    • e
    • Rodzaj współpracy
    • Wydawca
    • 4
    • Kod relacji
    • pbl
    • 9
    • KHW
    • 83751
920 -ISBN [ , ]
    • a
    • ISBN
    • 978-3-12-670011-5 Find
    • q
    • Dopowiedzenie
    • Medienpaket B2
920 -ISBN [ , ]
    • a
    • ISBN
    • 978-3-12-670000-9 Find
    • q
    • Dopowiedzenie
    • Kurs- und Übungsbuch B2
920 -ISBN [ , ]
    • a
    • ISBN
    • 978-3-12-670003-0 Find
    • q
    • Dopowiedzenie
    • Unterrichtshandreichung B2
920 -ISBN [ , ]
    • a
    • ISBN
    • 978-3-12-670001-6 Find
    • q
    • Dopowiedzenie
    • Kurs- und Übungsbuch B2.1
920 -ISBN [ , ]
    • a
    • ISBN
    • 978-3-12-670002-3 Find
    • q
    • Dopowiedzenie
    • Kurs- und Übungsbuch B2.2
Sygnatura Status udost. Numer inwentarzowy Lokalizacja Data inwentaryzacji
Germ. Nauka jęz.-podręczniki 88-3BJM.610BM2021-10-27
GERM. Nauka języka niem. 181G.21496BM2021-10-27